书目信息 |
| 题名: |
仪器分析
|
|
| 作者: | 严拯宇 主编 | |
| 分册: | ||
| 出版信息: | 南京 东南大学出版社 2009.12 |
|
| 页数: | 420页 | |
| 开本: | 26cm | |
| 丛书名: | ||
| 单 册: | ||
| 中图分类: | O657 | |
| 科图分类: | ||
| 主题词: | 仪器分析--yi qi fen xi--医学院校--教材 | |
| 电子资源: | ||
| ISBN: | 978-7-5641-1945-4 | |
| 000 | 00854nam0 2200265 450 | |
| 001 | 012010763550 | |
| 005 | 20100406195719.93 | |
| 010 | @a978-7-5641-1945-4@dCNY42.00 | |
| 100 | @a20100406d2009 em y0chiy0120 ea | |
| 101 | 0 | @achi |
| 102 | @aCN@b320000 | |
| 105 | @aa a 000yy | |
| 106 | @ar | |
| 200 | 1 | @a仪器分析@Ayi qi fen xi@f严拯宇主编@Fyan zheng yu zhu bian |
| 205 | @a第2版 | |
| 210 | @a南京@c东南大学出版社@d2009.12 | |
| 215 | @a420页@c图@d26cm | |
| 300 | @a高等医药院校学专业教材(供本科用) | |
| 320 | @a有书目 (第420页) | |
| 330 | @a本书主要内容:电位法及永停滴定法,紫外——可见分光光度法,荧光分析法,红外分光光度法,原子吸收分光光度法等。 | |
| 606 | 0 | @a仪器分析@Ayi qi fen xi@x医学院校@j教材 |
| 690 | @aO657@v4 | |
| 701 | 0 | @a严拯宇@Ayan zheng yu@4主编 |
| 801 | 0 | @aCN@bQSSK@c20100406 |
| 905 | @b774626-28@dO657@eY074@f3 | |
| 仪器分析/严拯宇主编.-第2版.-南京:东南大学出版社,2009.12 |
| 420页:图;26cm |
| 高等医药院校学专业教材(供本科用) |
| ISBN 978-7-5641-1945-4:CNY42.00 |
| 本书主要内容:电位法及永停滴定法,紫外——可见分光光度法,荧光分析法,红外分光光度法,原子吸收分光光度法等。 |
| ● |
| 相关链接 |
|
|
|
正题名:仪器分析
索取号:O657/Y074
 
预约/预借
| 序号 | 登录号 | 条形码 | 馆藏地/架位号 | 状态 | 备注 |
| 1 | 774626 | 207746260 | 自科库401/401自科库 95排2列3层/ [索取号:O657/Y074] | 在馆 | |
| 2 | 774627 | 207746279 | 自科库401/401自科库 95排2列3层/ [索取号:O657/Y074] | 在馆 | |
| 3 | 774628 | 207746288 | 期刊室512/401自科库 95排2列3层/ [索取号:O657/Y074] | 在馆 |